BI-Metallic ZIF Derived Electrocatalyst for Fuel Cell / (Record no. 601678)
[ view plain ]
| 000 -LEADER | |
|---|---|
| fixed length control field | 00511nam a2200169Ia 4500 |
| 008 - FIXED-LENGTH DATA ELEMENTS--GENERAL INFORMATION | |
| fixed length control field | 230907s9999||||xx |||||||||||||| ||und|| |
| 082 ## - DEWEY DECIMAL CLASSIFICATION NUMBER | |
| Classification number | PhD-ESE-3 |
| 100 ## - MAIN ENTRY--PERSONAL NAME | |
| Personal name | Hanif, Sadia (NUST201590311PCES9215F) |
| 9 (RLIN) | 118426 |
| 245 #0 - TITLE STATEMENT | |
| Title | BI-Metallic ZIF Derived Electrocatalyst for Fuel Cell / |
| 260 ## - PUBLICATION, DISTRIBUTION, ETC. | |
| Place of publication, distribution, etc. | USPCAS-E, NUST, |
| Name of publisher, distributor, etc. | Islamabad : |
| Date of publication, distribution, etc. | 2020 |
| 300 ## - PHYSICAL DESCRIPTION | |
| Extent | xx, 112 p. |
| 520 ## - SUMMARY, ETC. | |
| Summary, etc. | PhD-ESE-3 |
| 650 ## - SUBJECT ADDED ENTRY--TOPICAL TERM | |
| Topical term or geographic name entry element | PhD-ESE Thesis |
| 9 (RLIN) | 116794 |
| 650 ## - SUBJECT ADDED ENTRY--TOPICAL TERM | |
| Topical term or geographic name entry element | PhD Thesis |
| 9 (RLIN) | 19283 |
| 700 ## - ADDED ENTRY--PERSONAL NAME | |
| Personal name | Dr Naseem Iqbal |
| 9 (RLIN) | 16826 |
| 942 ## - ADDED ENTRY ELEMENTS (KOHA) | |
| Koha item type | Thesis |
| Source of classification or shelving scheme | |
| Withdrawn status | Lost status | Source of classification or shelving scheme | Damaged status | Not for loan | Permanent Location | Current Location | Date acquired | Full call number | Barcode | Date last seen | Price effective from | Koha item type | Public note |
|---|---|---|---|---|---|---|---|---|---|---|---|---|---|
| US-Pakistan Center for Advanced Studies in Energy (USPCAS-E) | US-Pakistan Center for Advanced Studies in Energy (USPCAS-E) | 03/17/2021 | PhD-ESE-3 | CAS-EPTH000003 | 09/12/2023 | 09/12/2023 | Thesis | PhD-ESE-3 |
